Fr. Conceicao Rodrigues College of Engineering

Machine learning and AI for healthcare (Record no. 35939)

MARC details
000 -LEADER
fixed length control field 00281 a2200121 4500
000 - LEADER
fixed length control field nam a22 7a 4500
020 ## - INTERNATIONAL STANDARD BOOK NUMBER
International Standard Book Number 9781484277287
100 ## - MAIN ENTRY--PERSONAL NAME
Personal name Panesar,Arjun
9 (RLIN) 83
245 ## - TITLE STATEMENT
Title Machine learning and AI for healthcare
250 ## - EDITION STATEMENT
Edition statement 2
260 ## - PUBLICATION, DISTRIBUTION, ETC.
Name of publisher, distributor, etc. Apress
Date of publication, distribution, etc. 2021
264 ## - PRODUCTION, PUBLICATION, DISTRIBUTION, MANUFACTURE, AND COPYRIGHT NOTICE
Name of producer, publisher, distributor, manufacturer Apress

No items available.